[Event "29. Torneo Collado Villalba 2012"]
[Site "Collado Villalba ESP"]
[Date "2012.08.27"]
[Round "4.1"]
[White "Moreno Ruiz, Javier"]
[Black "Arribas Lopez, Angel"]
[Result "1/2-1/2"]
[WhiteElo "2498"]
[BlackElo "2467"]
[PlyCount "72"]
[EventDate "2012.08.24"]
[EventType "swiss"]
[EventRounds "9"]
[EventCountry "ESP"]
[Source "lmi"]
[SourceDate "2012.08.24"]

1. d4 d6 2. c4 g6 3. e4 Bg7 4. Nc3 e5 5. d5 a5 6. Be2 Na6 7. h4 h5 8. Nf3 Nc5
9. Be3 Bg4 10. Ng5 Bd7 11. g3 b6 12. Qd2 Qc8 13. Bf1 Bh6 14. f3 f6 15. Nh3 Bxe3
16. Qxe3 Nh6 17. Nf2 Qd8 18. Bh3 f5 19. O-O-O Nf7 20. f4 Qf6 21. exf5 gxf5 22.
Nd3 e4 23. Nxc5 bxc5 24. Nb5 Bxb5 25. cxb5 a4 26. a3 Nd8 27. Qc3 Qxc3+ 28. bxc3
Rf8 29. Bf1 Nb7 30. Be2 Rh8 31. Kd2 Na5 32. Rb1 Rb8 33. Ke3 Rb6 34. Kf2 Ke7 35.
Rhc1 Kf6 36. c4 Kg6 1/2-1/2

[Event "29. Torneo Collado Villalba 2012"]
[Site "Collado Villalba ESP"]
[Date "2012.08.27"]
[Round "4.2"]
[White "Garcia Vicente, Nieves"]
[Black "Vazquez Igarza, Renier"]
[Result "0-1"]
[WhiteElo "2190"]
[BlackElo "2570"]
[PlyCount "96"]
[EventDate "2012.08.24"]
[EventType "swiss"]
[EventRounds "9"]
[EventCountry "ESP"]
[Source "lmi"]
[SourceDate "2012.08.24"]

1. d4 Nf6 2. c4 e6 3. Nc3 Bb4 4. e3 O-O 5. Bd3 d5 6. Nf3 c5 7. O-O b6 8. a3
Bxc3 9. bxc3 Ba6 10. Qe2 Nc6 11. Bb2 Na5 12. Nd2 dxc4 13. Nxc4 Nxc4 14. Bxc4
Bxc4 15. Qxc4 Rc8 16. Rac1 cxd4 17. Qxd4 Rc5 18. c4 Qc7 19. Rfd1 Rc8 20. Qh4
Ne8 21. h3 f6 22. Qg4 Qf7 23. Qe4 e5 24. Rd5 Rxd5 25. cxd5 Rxc1+ 26. Bxc1 Nd6
27. Qd3 Qc7 28. Bd2 Qc4 29. Qxc4 Nxc4 30. Bb4 Kf7 31. a4 f5 32. g4 g6 33. gxf5
gxf5 34. Kg2 Nb2 35. a5 Nd3 36. Bc3 b5 37. Kf1 a6 38. Ke2 e4 39. f3 Ke7 40.
fxe4 fxe4 41. Kd2 Kd6 42. Bd4 Kxd5 43. Kc3 Nf2 44. h4 h5 45. Bb6 Ng4 46. Kb3
Nh6 47. Bd8 Nf5 48. Bg5 Kc5 0-1

[Event "29. Torneo Collado Villalba 2012"]
[Site "Collado Villalba ESP"]
[Date "2012.08.27"]
[Round "4.3"]
[White "Roa Alonso, Santiago"]
[Black "Sanchez Gonzalez, Sergio"]
[Result "1/2-1/2"]
[WhiteElo "2426"]
[BlackElo "2273"]
[PlyCount "85"]
[EventDate "2012.08.24"]
[EventType "swiss"]
[EventRounds "9"]
[EventCountry "ESP"]
[Source "lmi"]
[SourceDate "2012.08.24"]

1. e4 c5 2. Nf3 d6 3. d4 cxd4 4. Nxd4 Nf6 5. Nc3 e6 6. Be2 a6 7. f4 Qc7 8. O-O
Be7 9. Kh1 O-O 10. Qe1 Nc6 11. Be3 Nxd4 12. Bxd4 b5 13. e5 Ne8 14. Bd3 Bb7 15.
Ne4 Qc6 16. Qg3 f5 17. exf6 Nxf6 18. Bxf6 Bxf6 19. Qh3 Bxb2 20. Rab1 Bf6 21.
Ng5 h6 22. Qxe6+ Kh8 23. Rf3 Qd5 24. c4 Qxe6 25. Nxe6 Rfc8 26. Rff1 bxc4 27.
Bxc4 Bxg2+ 28. Kxg2 Rxc4 29. Rb6 d5 30. Rd6 d4 31. Rf2 a5 32. Rd2 Rac8 33. Nxd4
Bxd4 34. R6xd4 Rxd4 35. Rxd4 Rc2+ 36. Kg3 Rxa2 37. Rd8+ Kh7 38. f5 a4 39. Ra8
a3 40. h3 Ra1 41. Kg2 h5 42. h4 a2 43. Kh2 1/2-1/2

[Event "29. Torneo Collado Villalba 2012"]
[Site "Collado Villalba ESP"]
[Date "2012.08.27"]
[Round "4.4"]
[White "Martin Rueda, Daniel"]
[Black "Baeza Escudero, Javier"]
[Result "1-0"]
[WhiteElo "2297"]
[BlackElo "2000"]
[PlyCount "61"]
[EventDate "2012.08.24"]
[EventType "swiss"]
[EventRounds "9"]
[EventCountry "ESP"]
[Source "lmi"]
[SourceDate "2012.08.24"]

1. d4 d5 2. c4 e6 3. Nc3 Nf6 4. Bg5 Be7 5. e3 h6 6. Bxf6 Bxf6 7. Nf3 O-O 8. Qc2
c6 9. O-O-O Nd7 10. h4 dxc4 11. Bxc4 Qa5 12. g4 g6 13. g5 hxg5 14. h5 Qf5 15.
Bd3 Qxf3 16. Be4 Qxh5 17. Rxh5 gxh5 18. Rh1 h4 19. Qe2 Be7 20. Qh5 f5 21. Qg6+
Kh8 22. Qxe6 Bf6 23. Qxf5 Rf7 24. Qg6 Rg7 25. Qe8+ Rg8 26. Qh5+ Kg7 27. Bh7 Rh8
28. Qg6+ Kf8 29. Ne4 Ke7 30. Nxf6 Nxf6 31. Qg7+ 1-0

[Event "29. Torneo Collado Villalba 2012"]
[Site "Collado Villalba ESP"]
[Date "2012.08.27"]
[Round "4.5"]
[White "Colas Longares, Rafael P"]
[Black "Estrada Martinez, Cesar"]
[Result "1-0"]
[WhiteElo "2336"]
[BlackElo "2111"]
[PlyCount "69"]
[EventDate "2012.08.24"]
[EventType "swiss"]
[EventRounds "9"]
[EventCountry "ESP"]
[Source "lmi"]
[SourceDate "2012.08.24"]

1. e4 c5 2. Nc3 Nc6 3. Bb5 g6 4. Bxc6 bxc6 5. f4 Bg7 6. d3 d6 7. Nf3 Nf6 8. O-O
O-O 9. Qe1 Nd7 10. f5 Ne5 11. Qh4 c4 12. Nxe5 dxe5 13. dxc4 Qd4+ 14. Kh1 Bxf5
15. Bg5 Be6 16. Bxe7 Rfe8 17. c5 Rab8 18. Rfd1 Qc4 19. Rab1 Rb7 20. Bd6 Rd7 21.
Qg3 Red8 22. Qd3 Qb4 23. Qa6 Qb7 24. Qe2 Bf8 25. Bxe5 Bxc5 26. b3 Bd4 27. Bxd4
Rxd4 28. Rd3 c5 29. Rbd1 Qb4 30. h3 Re8 31. Rxd4 cxd4 32. Qb5 Qe7 33. Rxd4 Rc8
34. Rd3 Qf6 35. Rf3 1-0

[Event "29. Torneo Collado Villalba 2012"]
[Site "Collado Villalba ESP"]
[Date "2012.08.27"]
[Round "4.6"]
[White "Montoya Pecurul, Marc"]
[Black "Renteria, Jorge"]
[Result "1-0"]
[WhiteElo "1925"]
[BlackElo "2307"]
[PlyCount "85"]
[EventDate "2012.08.24"]
[EventType "swiss"]
[EventRounds "9"]
[EventCountry "ESP"]
[Source "lmi"]
[SourceDate "2012.08.24"]

1. e4 c5 2. Nf3 d6 3. d4 cxd4 4. Nxd4 Nf6 5. Nc3 a6 6. Bc4 e6 7. Bb3 Be7 8. Be3
O-O 9. O-O b5 10. a3 Bd7 11. f4 Nc6 12. f5 Nxd4 13. Bxd4 e5 14. Be3 Rc8 15. Bg5
Bc6 16. Bxf6 Bxf6 17. Nd5 Bxd5 18. Bxd5 Rc5 19. c3 Qc7 20. Kh1 Rb8 21. Qh5 h6
22. Rf3 Rc8 23. Rd1 Qe7 24. Rfd3 a5 25. Ba2 R5c6 26. Bd5 Rb6 27. b4 axb4 28.
axb4 Ra6 29. Qe2 Ra3 30. Qb2 Qa7 31. Bb3 Be7 32. f6 gxf6 33. Qe2 f5 34. Bxf7+
Kxf7 35. Qh5+ Kg7 36. exf5 Bg5 37. Rxd6 Ra1 38. h4 Rxd1+ 39. Qxd1 Be7 40. f6+
Kf8 41. fxe7+ Qxe7 42. Qf3+ Kg7 43. Qg4+ 1-0

[Event "29. Torneo Collado Villalba 2012"]
[Site "Collado Villalba ESP"]
[Date "2012.08.27"]
[Round "4.7"]
[White "Semprun Martinez, Fernando"]
[Black "Suarez Triguero, Jose Alfonso"]
[Result "0-1"]
[WhiteElo "2204"]
[BlackElo "2080"]
[PlyCount "118"]
[EventDate "2012.08.24"]
[EventType "swiss"]
[EventRounds "9"]
[EventCountry "ESP"]
[Source "lmi"]
[SourceDate "2012.08.24"]

1. e4 e6 2. d4 d5 3. Nc3 dxe4 4. Nxe4 Nd7 5. Nf3 Ngf6 6. Bd3 Nxe4 7. Bxe4 Nf6
8. Bg5 Be7 9. Bd3 h6 10. Bf4 Bd6 11. Bxd6 Qxd6 12. Qe2 Nd5 13. O-O-O Nf4 14.
Qe4 Nxd3+ 15. Rxd3 Qd5 16. Qxd5 exd5 17. Re1+ Be6 18. Rde3 O-O-O 19. Ne5 Rhe8
20. Kd2 a6 21. h4 f6 22. Nd3 Bf7 23. Nc5 Rxe3 24. Rxe3 Re8 25. Rxe8+ Bxe8 26.
Ne6 g6 27. Ke3 Bf7 28. Nc5 a5 29. Kf4 b6 30. Nd3 Be6 31. g4 g5+ 32. Kg3 Bf7 33.
h5 Kd7 34. f4 Ke6 35. fxg5 hxg5 36. c3 Bg8 37. Ne1 Bh7 38. Nf3 Be4 39. Kf2 Kf7
40. Nd2 Bc2 41. Nf1 Bb1 42. a3 Be4 43. Ne3 Kg7 44. b3 b5 45. c4 dxc4 46. bxc4
b4 47. axb4 axb4 48. c5 b3 49. Nc4 Bd5 50. Nb2 Kh6 51. Nd1 f5 52. gxf5 Kxh5 53.
Nc3 b2 54. f6 Kg6 55. Ke3 Ba2 56. c6 b1=Q 57. Nxb1 Bxb1 58. d5 Kxf6 59. d6 cxd6
0-1

[Event "29. Torneo Collado Villalba 2012"]
[Site "Collado Villalba ESP"]
[Date "2012.08.27"]
[Round "4.8"]
[White "Bermejo Arruego, Luis"]
[Black "Garcia Galeote, Lorenzo"]
[Result "1-0"]
[WhiteElo "2188"]
[BlackElo "2025"]
[PlyCount "75"]
[EventDate "2012.08.24"]
[EventType "swiss"]
[EventRounds "9"]
[EventCountry "ESP"]
[Source "lmi"]
[SourceDate "2012.08.24"]

1. e4 b6 2. d4 Bb7 3. Nc3 e6 4. Nf3 d6 5. Bd3 Nd7 6. O-O g6 7. Bg5 Ne7 8. e5
Bxf3 9. Qxf3 d5 10. h4 h6 11. Nxd5 hxg5 12. Nf6+ Nxf6 13. exf6 a6 14. hxg5 Nd5
15. c4 Bd6 16. g3 Ne7 17. fxe7 Bxe7 18. d5 exd5 19. cxd5 O-O 20. Rac1 Bd6 21.
Qg4 Re8 22. Rfe1 Re5 23. Rxe5 Bxe5 24. Bxg6 Qe7 25. Be4 Re8 26. Re1 Kf8 27. Bd3
Qc5 28. g6 Re7 29. gxf7 Bg7 30. Rxe7 Qxe7 31. Bg6 Bh6 32. Bh5 Qd6 33. Qg8+ Ke7
34. Qh7 Qf6 35. Qc2 Qe5 36. Qc6 Qxh5 37. Qe8+ Kd6 38. f8=Q+ 1-0

[Event "29. Torneo Collado Villalba 2012"]
[Site "Collado Villalba ESP"]
[Date "2012.08.27"]
[Round "4.9"]
[White "Unciti Juan, Javier"]
[Black "Martin Martin, Luis Vicente"]
[Result "1-0"]
[WhiteElo "2143"]
[BlackElo "2069"]
[PlyCount "73"]
[EventDate "2012.08.24"]
[EventType "swiss"]
[EventRounds "9"]
[EventCountry "ESP"]
[Source "lmi"]
[SourceDate "2012.08.24"]

1. e4 d5 2. exd5 Qxd5 3. Nc3 Qa5 4. d4 c6 5. Bc4 Nf6 6. Nf3 Bf5 7. Bd2 e6 8.
Qe2 Bb4 9. O-O O-O 10. a3 Bxc3 11. Bxc3 Qc7 12. Ne5 Nd5 13. Bd2 Nd7 14. Bb3
Nxe5 15. dxe5 Qb6 16. Rad1 a5 17. Bc1 Qc5 18. c4 Nc7 19. Rd7 Rac8 20. Bg5 Rfe8
21. Rfd1 h6 22. Bc1 b5 23. g4 Bg6 24. h4 bxc4 25. Bxc4 Nd5 26. h5 Bh7 27. Qf3
Rf8 28. b3 a4 29. g5 hxg5 30. Bxg5 axb3 31. Bxb3 Bf5 32. h6 gxh6 33. Bxh6 Rfd8
34. Rxd8+ Rxd8 35. Qg3+ Bg6 36. Qg5 Qe7 37. Qxe7 1-0

[Event "29. Torneo Collado Villalba 2012"]
[Site "Collado Villalba ESP"]
[Date "2012.08.27"]
[Round "4.10"]
[White "Martin Carmona, Gaston Manuel"]
[Black "Martinez De Miguel, Pedro"]
[Result "1/2-1/2"]
[WhiteElo "1779"]
[BlackElo "2121"]
[PlyCount "69"]
[EventDate "2012.08.24"]
[EventType "swiss"]
[EventRounds "9"]
[EventCountry "ESP"]
[Source "lmi"]
[SourceDate "2012.08.24"]

1. e4 c5 2. Nf3 d6 3. d4 cxd4 4. Nxd4 Nf6 5. Nc3 a6 6. Rg1 Nc6 7. g4 Nxd4 8.
Qxd4 e5 9. Qd1 Be6 10. g5 Nd7 11. Be3 Rc8 12. Nd5 Nc5 13. f3 b5 14. Qd2 Bxd5
15. Qxd5 Qa5+ 16. Bd2 Qb6 17. Be3 Qc6 18. Qxc6+ Rxc6 19. c4 b4 20. Bxc5 dxc5
21. O-O-O Rd6 22. Rd5 Rxd5 23. cxd5 a5 24. Bb5+ Kd8 25. Kc2 Bd6 26. b3 g6 27.
Bf1 h6 28. h4 Kc7 29. Rg4 Kb6 30. Kd3 a4 31. bxa4 h5 32. Rg2 Ra8 33. Be2 Rxa4
34. Bd1 Ra8 35. Bb3 1/2-1/2

[Event "29. Torneo Collado Villalba 2012"]
[Site "Collado Villalba ESP"]
[Date "2012.08.27"]
[Round "4.11"]
[White "Pascual Palomo, Lucia"]
[Black "Lopez Heras, Arturo"]
[Result "1-0"]
[WhiteElo "2120"]
[BlackElo "1971"]
[PlyCount "89"]
[EventDate "2012.08.24"]
[EventType "swiss"]
[EventRounds "9"]
[EventCountry "ESP"]
[Source "lmi"]
[SourceDate "2012.08.24"]

1. e4 d6 2. d4 Nf6 3. Nc3 e5 4. Nf3 Nbd7 5. Bc4 Be7 6. O-O O-O 7. a4 c6 8. Re1
exd4 9. Nxd4 Ne5 10. Bf1 Re8 11. h3 Bd7 12. Be3 Bf8 13. f4 Ng6 14. Bd3 Qa5 15.
Qf3 c5 16. Nde2 Bc6 17. Ng3 Rad8 18. Nd5 Bxd5 19. exd5 Nh4 20. Qd1 Qb4 21. Kh2
g6 22. Bb5 Re7 23. Rb1 a6 24. c3 Qa5 25. b4 Qc7 26. Bf1 Bh6 27. Qd2 Ne4 28.
Nxe4 Rxe4 29. Bd3 Re7 30. Qf2 Nf5 31. Bxf5 gxf5 32. Qh4 Bg7 33. bxc5 Bxc3 34.
Bd4 Rxe1 35. Bxc3 Rxb1 36. Bf6 Kf8 37. Bxd8 Qd7 38. Bf6 Qxa4 39. Be7+ Ke8 40.
Bxd6 Qe4 41. Qg5 Kd7 42. Qf6 Qxd5 43. Qe7+ Kc6 44. Qc7+ Kb5 45. Qb6+ 1-0

[Event "29. Torneo Collado Villalba 2012"]
[Site "Collado Villalba ESP"]
[Date "2012.08.27"]
[Round "4.12"]
[White "Pastor Alonso de Prado, Alberto"]
[Black "Lopez Mulet, Iñigo"]
[Result "0-1"]
[WhiteElo "2172"]
[BlackElo "1960"]
[PlyCount "154"]
[EventDate "2012.08.24"]
[EventType "swiss"]
[EventRounds "9"]
[EventCountry "ESP"]
[Source "lmi"]
[SourceDate "2012.08.24"]

1. e4 e6 2. d4 d5 3. Nd2 c5 4. dxc5 Nf6 5. Bd3 Nbd7 6. Ngf3 Nxc5 7. O-O dxe4 8.
Bb5+ Bd7 9. Bxd7+ Qxd7 10. Ne5 Qc7 11. Nec4 b5 12. Ne3 Bd6 13. h3 O-O 14. Qe2
a6 15. c4 b4 16. Nc2 Rab8 17. Nb3 Nd3 18. Ne3 Rfd8 19. Nd2 Be5 20. Rb1 Rd7 21.
Rd1 Rbd8 22. Ndf1 Qc5 23. b3 g6 24. g3 Bd4 25. Kg2 Nh5 26. Nc2 Bxf2 27. Qxe4
Bxg3 28. Be3 Qc7 29. Rxd3 Rxd3 30. Nxb4 Rd1 31. Nxa6 Qa5 32. Rxd1 Rxd1 33. Nxg3
Qxa2+ 34. Kf3 Qxa6 35. Nxh5 gxh5 36. Qe5 Rf1+ 37. Ke2 Rf5 38. Qb8+ Kg7 39. Bd4+
f6 40. Qg3+ Kf7 41. Qc7+ Kg6 42. Qg3+ Rg5 43. Qd3+ f5 44. Qf3 Qa2+ 45. Kf1 Qb1+
46. Ke2 Qc2+ 47. Kf1 f4 48. Bf2 Qc1+ 49. Ke2 Qc2+ 50. Kf1 Qb1+ 51. Ke2 Re5+ 52.
Kd2 Ra5 53. Qd3+ Qxd3+ 54. Kxd3 Kf5 55. c5 Ke5 56. Kc4 Ra2 57. Bd4+ Ke4 58. c6
Rc2+ 59. Bc3 f3 60. c7 f2 61. c8=Q f1=Q+ 62. Kb4 Qf5 63. Qc4+ Kf3 64. Ka3 Qf8+
65. Ka4 Ra2+ 66. Kb5 Qb8+ 67. Kc5 Qc7+ 68. Kb5 Qxc4+ 69. bxc4 Ke4 70. Bb4 Rc2
71. Be7 e5 72. Bd8 Rb2+ 73. Kc5 Kf5 74. Kc6 Ke6 75. c5 e4 76. Bg5 Rb3 77. Kc7
Kd5 0-1

[Event "29. Torneo Collado Villalba 2012"]
[Site "Collado Villalba ESP"]
[Date "2012.08.27"]
[Round "4.13"]
[White "Erice Alonso, Santiago"]
[Black "Gonzalez Mateos, Rafael"]
[Result "1/2-1/2"]
[WhiteElo "2011"]
[BlackElo "2161"]
[PlyCount "110"]
[EventDate "2012.08.24"]
[EventType "swiss"]
[EventRounds "9"]
[EventCountry "ESP"]
[Source "lmi"]
[SourceDate "2012.08.24"]

1. c4 e5 2. g3 f5 3. Bg2 Nf6 4. Nc3 d6 5. d4 exd4 6. Qxd4 Nc6 7. Qe3+ Be7 8.
Nh3 O-O 9. O-O Re8 10. b3 Ng4 11. Qd2 Bf6 12. Bb2 Bd7 13. Rad1 b6 14. Nf4 Rc8
15. Nfd5 Be5 16. h3 Nf6 17. e3 Ne4 18. Qc2 Nxc3 19. Bxc3 Bxc3 20. Qxc3 Ne5 21.
b4 Be6 22. c5 Bf7 23. Nf4 bxc5 24. bxc5 Bxa2 25. Ra1 Bc4 26. Rfd1 Qf6 27. Rd4
Bf7 28. Rxa7 dxc5 29. Qxc5 Qb6 30. Qxb6 cxb6 31. Bd5 Bxd5 32. Rxd5 g6 33. Rd6
Rc6 34. Rxc6 Nxc6 35. Rc7 Ne7 36. Rb7 Kf7 37. Rxb6 Rd8 38. h4 h6 39. Kg2 Rd7
40. Kf3 Kg7 41. Ke2 Ra7 42. h5 gxh5 43. Nxh5+ Kh7 44. Nf4 Kg7 45. Kf3 Kh7 46.
Re6 Rc7 47. Ne2 Ng6 48. Nf4 Ne7 49. Rd6 Ra7 50. Ke2 Ra2+ 51. Kd3 Kg7 52. Rd4
Kf6 53. Rd6+ Kf7 54. Rd7 Ke8 55. Rd6 Rxf2 1/2-1/2

[Event "29. Torneo Collado Villalba 2012"]
[Site "Collado Villalba ESP"]
[Date "2012.08.27"]
[Round "4.14"]
[White "Prieto Martin, Alfonso"]
[Black "Sterling Carmona, Francisco"]
[Result "1-0"]
[WhiteElo "2146"]
[BlackElo "1963"]
[PlyCount "100"]
[EventDate "2012.08.24"]
[EventType "swiss"]
[EventRounds "9"]
[EventCountry "ESP"]
[Source "lmi"]
[SourceDate "2012.08.24"]

1. c4 e6 2. Nc3 d5 3. d4 Be7 4. cxd5 exd5 5. Bf4 c6 6. Qc2 Nf6 7. h3 Nbd7 8. e3
Nf8 9. Bd3 Ng6 10. Bh2 Nh4 11. f3 Bd6 12. Bxd6 Qxd6 13. Qf2 Ng6 14. Nge2 O-O
15. O-O b6 16. Rad1 Bb7 17. e4 Qb4 18. e5 Ne8 19. f4 f5 20. Ng3 Bc8 21. Kh2 Qe7
22. Rc1 Bd7 23. Nd1 Qf7 24. Ne3 Ne7 25. Ne2 g6 26. Qh4 Ng7 27. Ng1 Ne6 28. Nf3
c5 29. Ng5 Nxg5 30. Qxg5 Rac8 31. b3 Be6 32. Rf2 c4 33. bxc4 dxc4 34. Bxc4 Bxc4
35. Nxc4 Rxc4 36. Rxc4 Qxc4 37. Qxe7 Qxd4 38. Rf3 Rf7 39. Qe8+ Rf8 40. Qe6+ Kg7
41. h4 Qd8 42. Kh3 Re8 43. Qc4 Qd1 44. Qc7+ Kg8 45. Qc4+ Kg7 46. Kh2 Qd8 47. h5
Re7 48. Rd3 Qc7 49. h6+ Kf8 50. Qd4 g5 1-0

[Event "29. Torneo Collado Villalba 2012"]
[Site "Collado Villalba ESP"]
[Date "2012.08.27"]
[Round "4.16"]
[White "Lopez Ziegler, Carlos"]
[Black "Rasskin Friederichs, Ivan"]
[Result "1/2-1/2"]
[WhiteElo "1918"]
[BlackElo "2027"]
[PlyCount "84"]
[EventDate "2012.08.24"]
[EventType "swiss"]
[EventRounds "9"]
[EventCountry "ESP"]
[Source "lmi"]
[SourceDate "2012.08.24"]

1. e4 e6 2. d4 d5 3. e5 c5 4. Nf3 Nc6 5. Bd3 cxd4 6. O-O Nge7 7. Re1 Ng6 8.
Nbd2 Qc7 9. Bxg6 fxg6 10. Nb3 Be7 11. Nbxd4 O-O 12. c3 Bd7 13. Qe2 a6 14. Bd2
Bc5 15. Nb3 Ba7 16. Rad1 Rf7 17. Bg5 h6 18. Bh4 g5 19. Bg3 Ne7 20. Nbd4 Raf8
21. Qd3 Nf5 22. Nxf5 Rxf5 23. Nd4 Bxd4 24. Qxd4 h5 25. f3 h4 26. Bf2 h3 27.
gxh3 Rxf3 28. Bg3 Bb5 29. a4 Bc4 30. Rd2 Qf7 31. Rf2 Qh5 32. Qg4 Qxg4 33. hxg4
Rxf2 34. Bxf2 Rf4 35. h3 Bd3 36. a5 Ra4 37. b4 Ra2 38. Be3 Be4 39. Bxg5 Rg2+
40. Kf1 Rg3 41. Re3 Bg2+ 42. Kf2 Rxe3 1/2-1/2

[Event "29. Torneo Collado Villalba 2012"]
[Site "Collado Villalba ESP"]
[Date "2012.08.27"]
[Round "4.18"]
[White "Hernandez Yañez, Javier"]
[Black "Lorite Cruz, Francisco"]
[Result "0-1"]
[WhiteElo "1952"]
[BlackElo "2039"]
[PlyCount "96"]
[EventDate "2012.08.24"]
[EventType "swiss"]
[EventRounds "9"]
[EventCountry "ESP"]
[Source "lmi"]
[SourceDate "2012.08.24"]

1. c4 c5 2. g3 Nc6 3. Bg2 g6 4. Nc3 Bg7 5. Nf3 e5 6. O-O Nge7 7. d3 O-O 8. a3
d6 9. Ne1 Be6 10. Nd5 Bg4 11. Nc2 Nxd5 12. cxd5 Nd4 13. f3 Bd7 14. Nxd4 exd4
15. b4 cxb4 16. axb4 Re8 17. f4 b6 18. Bd2 a5 19. Bf3 a4 20. Qc2 Qb8 21. Qb2 b5
22. Rfc1 Qa7 23. Rc2 Rec8 24. Rac1 Rxc2 25. Rxc2 a3 26. Qa2 Bf6 27. Rc1 h5 28.
Rb1 Bg4 29. Bxg4 hxg4 30. Ra1 Qe7 31. Bc1 g5 32. Qc2 gxf4 33. gxf4 Qd7 34. Qc6
Qxc6 35. dxc6 Rc8 36. Bxa3 Rxc6 37. Rc1 Rc3 38. Rxc3 dxc3 39. e3 c2 40. d4 d5
41. Kf1 Be7 42. Ke2 Bxb4 43. Bc1 Kg7 44. Kd3 f5 45. Kxc2 Kg6 46. Kb3 Be1 47.
Ba3 Bf2 48. Be7 Kf7 0-1

[Event "29. Torneo Collado Villalba 2012"]
[Site "Collado Villalba ESP"]
[Date "2012.08.27"]
[Round "4.19"]
[White "Perez De Villar Muñoz , Eusebio"]
[Black "Perez Cameselle, Francisco"]
[Result "0-1"]
[WhiteElo "2023"]
[BlackElo "1843"]
[PlyCount "94"]
[EventDate "2012.08.24"]
[EventType "swiss"]
[EventRounds "9"]
[EventCountry "ESP"]
[Source "lmi"]
[SourceDate "2012.08.24"]

1. e4 e6 2. d4 d5 3. e5 c5 4. c3 Nc6 5. Nf3 Qb6 6. a3 cxd4 7. cxd4 Nge7 8. Nc3
Nf5 9. Na4 Qd8 10. b4 Be7 11. Bb2 O-O 12. Bd3 f6 13. b5 Na5 14. O-O Bd7 15.
exf6 Bxf6 16. Nc5 b6 17. Nxd7 Qxd7 18. a4 Rac8 19. Ba3 Rfe8 20. Rc1 Rxc1 21.
Bxc1 Nc4 22. g4 Nxd4 23. Nxd4 Bxd4 24. Qc2 g6 25. Bxc4 Rc8 26. Qd1 Rxc4 27. h3
Qd6 28. Kg2 Bg7 29. Re1 e5 30. Ba3 Qe6 31. Bb2 e4 32. Bxg7 Kxg7 33. Qa1+ Qf6
34. Qd1 Qd4 35. Qb3 Qc3 36. Qxc3+ Rxc3 37. Rd1 Rc5 38. f3 exf3+ 39. Kxf3 Kf6
40. h4 Rc3+ 41. Kf2 Ke5 42. h5 Rc4 43. Kg3 gxh5 44. gxh5 Rxa4 45. Rf1 d4 46.
Rf7 d3 47. Kf2 Rf4+ 0-1

[Event "29. Torneo Collado Villalba 2012"]
[Site "Collado Villalba ESP"]
[Date "2012.08.27"]
[Round "4.20"]
[White "Velasco Garcia, Jorge Juan"]
[Black "Garcia Saez, Juan Carlos"]
[Result "1-0"]
[WhiteElo "1920"]
[BlackElo "2004"]
[PlyCount "89"]
[EventDate "2012.08.24"]
[EventType "swiss"]
[EventRounds "9"]
[EventCountry "ESP"]
[Source "lmi"]
[SourceDate "2012.08.24"]

1. d4 Nf6 2. Bg5 e6 3. Nf3 Be7 4. e3 d5 5. Bd3 Nbd7 6. Nbd2 O-O 7. O-O b6 8.
Ne5 Nxe5 9. dxe5 Ne8 10. Qh5 g6 11. Bxe7 Qxe7 12. Qh6 f5 13. f4 c5 14. c3 Qg7
15. Qh4 Bb7 16. Nf3 Nc7 17. Rad1 Ba6 18. Ng5 Bxd3 19. Rxd3 h6 20. Nf3 c4 21.
Rd2 Na6 22. g4 Nc5 23. gxf5 Rxf5 24. Nd4 Rh5 25. Qxh5 gxh5+ 26. Rg2 Re8 27.
Rxg7+ Kxg7 28. Kg2 Nd3 29. b4 cxb3 30. axb3 a5 31. Kh3 Kf7 32. Rg1 Rc8 33. Nb5
Rg8 34. Rxg8 Kxg8 35. Kh4 Nc5 36. Nd4 Kf7 37. Kxh5 b5 38. b4 axb4 39. cxb4 Nd3
40. Nxb5 Nxb4 41. Nd4 Nd3 42. Kxh6 Ne1 43. Kg5 Ng2 44. Nc2 Kg7 45. Kg4 1-0

[Event "29. Torneo Collado Villalba 2012"]
[Site "Collado Villalba ESP"]
[Date "2012.08.27"]
[Round "4.21"]
[White "Anula Nieto, Carlos"]
[Black "Martinez Alvira, Santiago"]
[Result "0-1"]
[WhiteElo "1900"]
[BlackElo "2000"]
[PlyCount "68"]
[EventDate "2012.08.24"]
[EventType "swiss"]
[EventRounds "9"]
[EventCountry "ESP"]
[Source "lmi"]
[SourceDate "2012.08.24"]

1. d4 g6 2. Nf3 Bg7 3. Bf4 c5 4. c3 Qb6 5. Qb3 Qxb3 6. axb3 cxd4 7. cxd4 Nc6 8.
e3 Nf6 9. Nc3 O-O 10. h3 d6 11. Bb5 Bf5 12. O-O a6 13. Bc4 Rfd8 14. g4 Bc8 15.
Rfc1 h5 16. g5 Ne8 17. h4 Bd7 18. Nd5 Rac8 19. Nb6 Rc7 20. Nd5 Rcc8 21. b4 Nc7
22. Nb6 Rb8 23. Bxf7+ Kxf7 24. d5 Bxb2 25. Nxd7 Rxd7 26. dxc6 bxc6 27. Rab1
Bxc1 28. Rxc1 Nd5 29. Rxc6 Ra7 30. Bxd6 exd6 31. Rxd6 Ne7 32. Ne5+ Kg7 33. Rd4
Rab7 34. Rd6 Rxb4 0-1

[Event "29. Torneo Collado Villalba 2012"]
[Site "Collado Villalba ESP"]
[Date "2012.08.27"]
[Round "4.22"]
[White "Herrero Corada, Jose Ignacio"]
[Black "Torres Samper, Rafael"]
[Result "0-1"]
[WhiteElo "1850"]
[BlackElo "2000"]
[PlyCount "117"]
[EventDate "2012.08.24"]
[EventType "swiss"]
[EventRounds "9"]
[EventCountry "ESP"]
[Source "lmi"]
[SourceDate "2012.08.24"]

1. e4 c5 2. d4 cxd4 3. c3 Nf6 4. e5 Nd5 5. Nf3 Nc6 6. Bc4 Nb6 7. Bb3 e6 8. cxd4
d6 9. exd6 Qxd6 10. Nc3 Be7 11. O-O a6 12. d5 exd5 13. Nxd5 Nxd5 14. Qxd5 Qxd5
15. Bxd5 O-O 16. Bg5 Bxg5 17. Nxg5 h6 18. Ne4 Nb4 19. Bc4 Bf5 20. Nd6 Bd3 21.
Rfc1 b5 22. Bxd3 Nxd3 23. Rc2 Rad8 24. Rc6 Rd7 25. Kf1 Rfd8 26. Ne4 Re7 27. Ng3
Rde8 28. Kg1 Nf4 29. f3 Ne2+ 30. Kf2 Nxg3 31. Kxg3 Re2 32. Rxa6 Rxb2 33. a4 b4
34. a5 b3 35. Rb6 Ree2 36. Rg1 Re5 37. a6 Ra5 38. h4 Kh7 39. Rd1 Raa2 40. Rg1
Ra3 41. Rd1 Raa2 42. Rg1 f6 43. Kh3 h5 44. g4 Rh2+ 45. Kg3 b2 46. Rb1 Rc2 47.
a7 hxg4 48. fxg4 Ra3+ 49. Kf4 Rc4+ 50. Kf5 Ra5+ 51. Ke6 Re4+ 52. Kd6 Rd4+ 53.
Ke7 Re5+ 54. Kf7 Rd7+ 55. Kf8 Rxa7 56. R1xb2 Kg6 57. Rb7 Ra8+ 58. Rb8 Ra7 59.
R2b7 0-1

[Event "29. Torneo Collado Villalba 2012"]
[Site "Collado Villalba ESP"]
[Date "2012.08.27"]
[Round "4.23"]
[White "Garcia-Sanchez Navarro, Mariano"]
[Black "Gordillo, Manuel"]
[Result "1-0"]
[WhiteElo "1502"]
[BlackElo "1975"]
[PlyCount "63"]
[EventDate "2012.08.24"]
[EventType "swiss"]
[EventRounds "9"]
[EventCountry "ESP"]
[Source "lmi"]
[SourceDate "2012.08.24"]

1. e4 e6 2. Nf3 b6 3. d4 Bb7 4. Bd3 c5 5. c3 Nf6 6. Nbd2 Nc6 7. O-O Na5 8. Re1
c4 9. Nxc4 Nxc4 10. Bxc4 Nxe4 11. Bd3 f5 12. Ne5 Nf6 13. Bg5 Bd6 14. Bb5 Bc8
15. Qa4 Bxe5 16. dxe5 h6 17. exf6 hxg5 18. Rxe6+ Kf7 19. Rd6 gxf6 20. Rad1 Kg6
21. Bxd7 Qc7 22. Qd4 Rf8 23. Bxc8 Qxc8 24. Qd3 Qb7 25. Rd5 Rf7 26. Qxf5+ Kg7
27. Rd7 Qc6 28. Rxf7+ Kxf7 29. Rd7+ Kf8 30. Qh7 Qe6 31. Qh8+ Qg8 32. Qxf6+ 1-0